| 000 | 01486nam a2200241Ia 4500 | ||
|---|---|---|---|
| 003 | Ost | ||
| 005 | 20260507075534.0 | ||
| 008 | 260507s9999||||xx |||||||||||||| ||und|| | ||
| 020 | _a9774087607 | ||
| 040 | _cfsecg | ||
| 041 | _aara | ||
| 082 | _a659.2 | ||
| 100 |
_aهينسلو، فيليب _eمؤلف |
||
| 245 | 0 |
_aفن إدارة العلاقات العامة / _c فيليب هينسلو |
|
| 260 |
_aالقاهرة: _bدار الفاروق للإستثمارات الثقافية, _c2007 |
||
| 300 |
_a175 صفحة؛ _bإيضاحات ؛ _c24 سم |
||
| 490 | _aالمهارات العملية | ||
| 504 | _aالملاحق ص.126 | ||
| 520 | _aيضم التواصل ودور العلاقات العامة، مصادر العلاقات العامة الخارجية، النواحي الأخلاقية والقانونية، التعامل مع الموردين والناشرين والمطابع، المصورين والمصممين، انتاج مقاطع الفيديو، المعارض والأسواق، الترويج والدعاية، الدعاية والأنشطة التعليمية، الأعمال الكتابية للمؤسسات، إدارة الأزمات، التعامل مع وسائل الإعلام، الدعم الإعلامي الخارجي، التخطيط ووضع البرامج، التقدير والتقييم | ||
| 653 | _aالعلاقات العامة | ||
| 700 |
_aالعامري، خالد _eمؤلف ثانوي |
||
| 942 | _cكتاب | ||
| 999 |
_c44835 _d44835 |
||